00727nam a2200145Ia 4500008004100000100001600041245009600057245019600153260004700349260000900396650002200405856006200427999001900489952007300508160809s9999 xx 000 0 und d aCasey, Pat. aI ONLY WISH I´D KNOWN: VOICES OF NOVICE ALTERNATIVELY CERTIFIED SPECIAL EDUCATION TEACHERS cPat Casey, Karen Dunlap, Heather Brister, Michele Davidson University of Texas at Arlington, Texas Woman´s University, Prosper Independent School District, Plano Independent School District. bInternational Journal of Special Education c2011 xSPECIAL EDUCATION uhttp://www.internationaljournalofspecialed.com/issues.php c300474d300474 001040aCLbCLd2016-08-09l0r2016-08-09 00:00:00w2016-08-09yFOJ